[Event "Tourn. n10142"]
[Site "www.echecsemail.com"]
[Date "2019.09.13"]
[Round "1"]
[White "Numanoid"]
[Black "Reignblowcan"]
[WhiteElo "2770"]
[BlackElo "2640"]
[Result "1/2-1/2"]
[Round "1"]
1.e4 c6
2.d4 d5
3.e5 Bc8f5
4.Ng1f3 e6
5.Bf1e2 Ng8e7
6.O-O Nb8d7
7.Nf3h4 c5
8.c3 Bf5e4
9.Nb1d2 Ne7c6
10.Nd2xe4 dxe4
11.g3 Bf8e7
12.Nh4g2 Qd8b6
13.dxc5 Qb6c7
14.b4 a5
15.a3 O-O
16.Bc1f4 g5
17.Bf4e3 Nd7xe5
18.b5 Rf8d8
19.Qd1c2 Ne5f3
20.Kh1 Nc6e5
21.Qc2xe4 f5
22.Qe4c2 Be7xc5
23.Be2xf3 Ne5xf3
24.Qc2e2 Bc5xe3
25.Qe2xe3 g4
26.Qe3xe6 Qc7f7
27.Qe6h6 Ra8c8
28.Ng2h4 Nf3xh4
29.Qh6xh4 Rd8f8
30.Ra1c1 Qf7d5
31.Kg1 Qd5xb5
32.Qh4g5 Kh8
33.Rf1d1 Qb5c6
34.c4 Qc6f6
35.Qg5f4 Rc8e8
36.Rc1b1 Re8e7
37.Rd1d4 b6
38.Rd4d6 Qf6c3
39.Rd6xb6 Re7e4
40.Qf4c1 Qc3xc4
41.Qc1xc4 Re4xc4
42.Rb6a6 f4
43.Ra6xa5 fxg3
44.hxg3 Rc4c2
45.Rb1f1 Rc2a2
46.Ra5a4 Rf8g8
47.Ra4a7 { draw }
1/2-1/2

[Event "Tourn. n10185"]
[Site "www.echecsemail.com"]
[Date "2019.09.13"]
[Round "1"]
[White "Jerome"]
[Black "Conde7"]
[WhiteElo "2430"]
[BlackElo "2870"]
[Result "1/2-1/2"]
[Round "1"]
1.e4 c5
2.Ng1f3 d6
3.d4 cxd4
4.Nf3xd4 Ng8f6
5.Nb1c3 a6
6.Bc1g5 Nb8d7
7.Qd1e2 h6
8.Bg5h4 g6
9.f4 e5
10.fxe5 dxe5
11.O-O-O Bf8e7
12.Nd4b3 O-O
13.Bh4xf6 Be7xf6
14.Kb1 b5
15.g3 Qd8c7
16.Nc3d5 Qc7d6
17.h4 Nd7b6
18.h5 Bf6g5
19.a3 Kg7
20.Qe2f2 Nb6xd5
21.Rd1xd5 Qd6f6
22.Qf2xf6 Bg5xf6
23.Nb3c5 Bf6e7
24.b4 Ra8a7
25.Bf1e2 Ra7c7
26.Rh1d1 Be7xc5
27.Rd5xc5 Rc7xc5
28.bxc5 Bc8b7
29.hxg6 { draw }
1/2-1/2

[Event "Match"]
[Site "www.echecsemail.com"]
[Date "2019.09.13"]
[Round "1"]
[White "Calponas"]
[Black "Tonino1"]
[WhiteElo "2060"]
[BlackElo "2130"]
[Result "1-0"]
[Round "1"]
1.d4 d6
2.c4 Ng8f6
3.Nb1c3 c6
4.e4 Qd8a5
5.Bf1d3 g6
6.Ng1e2 Bf8g7
7.O-O O-O
8.f3 e5
9.Bc1e3 Nf6e8
10.Qd1d2 f5
11.Be3h6 f4
12.Bh6xg7 Kxg7
13.dxe5 dxe5
14.Rf1b1 Bc8e6
15.b4 Qa5c7
16.a4 Nb8a6
17.c5 Ra8d8
18.Qd2c2 Na6b8
19.b5 Nb8d7
20.Nc3d1 cxb5
21.Bd3xb5 Nd7xc5
22.a5 a6
23.Bb5xe8 Rf8xe8
24.Nd1b2 Qc7e7
25.Nb2a4 Nc5xa4
26.Ra1xa4 Rd8c8
27.Qc2b2 Qe7c5
28.Kh1 Re8e7
29.Ra4b4 Qc5xa5
30.Rb4xb7 Rc8c7
31.Rb7xc7 Re7xc7
32.Ne2xf4 Be6f7
33.Nf4d3 Rc7e7
34.f4 Kf6
35.Nd3xe5 Re7xe5
36.Qb2xe5 Qa5xe5
37.fxe5 Kxe5
38.Rb1b7 Bf7c4
39.Rb7xh7 Kxe4
40.Rh7a7 Kf4
41.Kg1 g5
42.Kf2 g4
43.g3 Ke4
44.Ra7g7 Kf5
45.Ke3 Bc4b5
46.Kd4 Bb5e2
47.Rg7g8 Be2b5
48.Rg8f8 Kg5
49.Ke5 Bb5d3
50.Rf8g8 Kh5
51.Kf6  { time }
1-0

[Event "Tourn. n10150"]
[Site "www.echecsemail.com"]
[Date "2019.09.13"]
[Round "1"]
[White "Jerome"]
[Black "Szustan"]
[WhiteElo "2269"]
[BlackElo "2600"]
[Result "1-0"]
[Round "1"]
1.e4 e5
2.Ng1f3 Nb8c6
3.Bf1b5 a6
4.Bb5a4 Ng8f6
5.O-O Nf6xe4
6.d4 b5
7.Ba4b3 d5
8.dxe5 Bc8e6
9.c3 Ne4c5
10.Bb3c2 Be6g4
11.Rf1e1 Bf8e7
12.Nb1d2 Qd8d7
13.Nd2f1 O-O
14.h3 Bg4h5
15.Nf1g3 Bh5g6
16.Bc1e3 Ra8d8
17.Qd1e2 Rf8e8
18.Ra1d1 Bg6xc2
19.Qe2xc2 Nc5e6
20.Ng3f5 Be7f8
21.Nf3g5 Ne6xg5
22.Be3xg5 Bf8e7
23.Nf5xe7 Nc6xe7
24.f4 Rd8c8
25.Bg5h4 Ne7g6
26.Bh4g3 Ng6e7
27.Re1f1 Qd7f5
28.Qc2f2 c6
29.Bg3h4 Ne7g6
30.g4 Qf5d7
31.Bh4g3 Re8e7
32.Rf1e1 Rc8e8
33.Qf2d4 Qd7c7
34.Rd1d3 Ng6f8
35.f5 Qc7b7
36.Rd3e3 h6
37.Bg3h4 Re7d7
38.b4 Qb7a7
39.Bh4f2 Qa7c7
40.Kg2 a5
41.a3 axb4
42.axb4 { resign }
1-0

[Event "Match"]
[Site "www.echecsemail.com"]
[Date "2019.09.13"]
[Round "1"]
[White "Bojan"]
[Black "Riemis"]
[WhiteElo "2040"]
[BlackElo "1949"]
[Result "1-0"]
[Round "1"]
1.e4 c5
2.Ng1f3 d6
3.d4 cxd4
4.Nf3xd4 Ng8f6
5.Nb1c3 a6
6.Bc1g5 Nb8d7
7.Bf1d3 Qd8a5
8.Bg5d2 Qa5c7
9.Qd1f3 e6
10.a3 Bf8e7
11.g4 h6
12.Qf3g2 b5
13.b4 Bc8b7
14.f3 O-O-O
15.Nd4b3 Nd7e5
16.Bd3e2 Ne5c4
17.Bd2f4 Nc4xa3
18.O-O Qc7xc3
19.Ra1xa3 Qc3xb4
20.Ra3a1 e5
21.Bf4d2 Qb4xd2
22.Nb3xd2 Kb8
23.Rf1b1 d5
24.Be2d3 d4
25.Nd2b3 Nf6d7
26.Nb3a5 Bb7a8
27.Qg2d2 Be7g5
28.Qd2b4 Nd7b6
29.c4 { resign }
1-0

[Event "Tourn. n10173"]
[Site "www.echecsemail.com"]
[Date "2019.09.13"]
[Round "1"]
[White "D4minance"]
[Black "Tartan"]
[WhiteElo "2830"]
[BlackElo "2500"]
[Result "1-0"]
[Round "1"]
1.d4 Ng8f6
2.c4 e6
3.g3 d5
4.Ng1f3 c6
5.Bf1g2 Nb8d7
6.O-O Bf8e7
7.Qd1c2 O-O
8.Nb1d2 b6
9.e4 Bc8b7
10.e5 Nf6e8
11.cxd5 cxd5
12.Rf1e1 Ra8c8
13.Qc2a4 a5
14.Nd2f1 Bb7c6
15.Qa4d1 Bc6b5
16.h4 Nd7b8
17.Bc1g5 Be7xg5
18.hxg5 Nb8c6
19.Nf1e3 Qd8e7
20.Bg2f1 Bb5xf1
21.Kxf1 Qe7b4
22.Kg2 Qb4xb2
23.Re1e2 Qb2b5
24.Ra1b1 Qb5a6
25.Re2b2 Rc8b8
26.Ne3g4 b5
27.Qd1d2 b4
28.Rb1h1 Nc6e7
29.Ng4f6 { resign }
1-0

[Event "Tourn. n10193"]
[Site "www.echecsemail.com"]
[Date "2019.09.13"]
[Round "1"]
[White "Tonino1"]
[Black "Fantomas"]
[WhiteElo "2180"]
[BlackElo "2140"]
[Result "0-1"]
[Round "1"]
1.d4 d5
2.Ng1f3 Ng8f6
3.e3 g6
4.Bf1d3 Bf8g7
5.Nb1d2 O-O
6.c3 Nb8c6
7.O-O a6
8.Qd1e2 Rf8e8
9.Nf3e5 Qd8d6
10.f4 e6
11.e4 dxe4
12.Nd2xe4 Nf6xe4
13.Bd3xe4 Nc6e7
14.Bc1e3 f6
15.Ne5c4 Qd6d8
16.Ra1d1 c6
17.Qe2f3 Ne7d5
18.Be3c1 Re8f8
19.Nc4e3 Bg7h6
20.Ne3g4 Bh6g7
21.c4 Nd5e7
22.Ng4e3 f5
23.Be4c2 Bg7xd4
24.b4 Qd8b6
25.Kh1 Bd4xe3
26.Bc1xe3 Qb6xb4
27.Bc2b3 Qb4c3
28.Qf3f2 Qc3g7
29.Rd1d6 h5
30.Rf1d1 a5
31.Be3d4 Qg7f7
32.Bd4e5 a4
33.Bb3c2 b5
34.Rd6d8 bxc4
35.Qf2c5 Rf8e8
36.Rd8xe8 Qf7xe8
37.Be5c7 Ne7d5
38.Bc7e5 Bc8b7
39.Rd1b1 Qe8c8
40.Bc2d1 a3
41.Qc5xc4 Nd5e3
42.Qc4b3 Ne3xd1
43.Qb3xb7 Qc8xb7
44.Rb1xb7 Ra8d8
45.Rb7g7 Kf8
46.Rg7xg6 Nd1c3
47.h3 Nc3xa2
48.Rg6xe6 Rd8d1
49.Kh2 Na2b4
50.Re6d6 Rd1c1
51.Rd6d8 Kf7
52.Rd8a8 a2
53.Kg3 Nb4c2
54.Ra8xa2 Nc2b4
55.Ra2a7 Ke6
56.Ra7h7 Nb4d3
57.Be5d4 c5
58.Bd4h8 Rc1f1
59.Rh7xh5 Nd3xf4
60.Rh5h6 Kd5
61.Rh6h4 Nf4e2
62.Kh2 c4
63.g4 c3
64.g5 c2
65.Bh8b2 c1Q
66.Bb2xc1 Rf1xc1
67.Rh4h6 Rc1c7
68.h4 Rc7g7
69.g6 Ke6
70.h5 Kf6
71.Rh6h8 Ne2f4
72.Kg3 Kg5
73.h6 Rg7xg6
74.h7 Nf4h5
75.Kf3 Nh5f6
 { time }
0-1

[Event "Tourn. n10166"]
[Site "www.echecsemail.com"]
[Date "2019.09.13"]
[Round "1"]
[White "Coolant"]
[Black "Jerome"]
[WhiteElo "2370"]
[BlackElo "2379"]
[Result "0-1"]
[Round "1"]
1.Nb1c3 c5
2.Ng1f3 e6
3.e4 d6
4.d4 cxd4
5.Qd1xd4 Nb8c6
6.Bf1b5 Ng8f6
7.Bc1g5 Bc8d7
8.Bb5xc6 Bd7xc6
9.Bg5xf6 Qd8xf6
10.Qd4xf6 gxf6
11.Ke2 Ra8c8
12.Nf3d4 Bc6d7
13.f4 Rh8g8
14.g3 f5
15.Kd3 fxe4
16.Nc3xe4 Bf8e7
17.c4 f5
18.Ne4c3 e5
19.Nd4e2 e4
20.Kd4 Be7f6
21.Ke3 Rc8xc4
22.Rh1d1 Rg8g6
23.Ra1c1 Bf6d8
24.Nc3d5 Rc4xc1
25.Rd1xc1 Bd7c6
26.Nd5b4 Bd8b6
27.Kd2 Rg6h6
28.Nb4xc6 bxc6
29.Rc1xc6 Kd7
30.Rc6c2 Rh6xh2
31.b4 d5
{ resign }
0-1

[Event "Tourn. n10166"]
[Site "www.echecsemail.com"]
[Date "2019.09.13"]
[Round "1"]
[White "Coolant"]
[Black "Francesco"]
[WhiteElo "2370"]
[BlackElo "2220"]
[Result "1-0"]
[Round "1"]
1.f4 d5
2.Ng1f3 Nb8c6
3.d4 Bc8f5
4.e3 Ng8f6
5.Bf1d3 Bf5xd3
6.Qd1xd3 e6
7.Bc1d2 Nf6e4
8.O-O Bf8e7
9.c4 O-O
10.Nb1c3 Ne4xd2
11.Nf3xd2 Nc6b4
12.Qd3b1 dxc4
13.Nd2xc4 c5
14.Rf1d1 cxd4
15.Rd1xd4 Qd8c7
16.Qb1e4 Be7c5
17.Rd4d2 Rf8d8
18.Ra1d1 Nb4c6
19.Nc3b5 Qc7e7
20.Nb5d6 Rd8d7
21.a3 Ra8d8
22.Nd6b5 a6
23.Rd2xd7 Rd8xd7
24.Rd1xd7 Qe7xd7
25.Nb5c3 b5
26.Nc4e5 Nc6xe5
27.Qe4xe5 Qd7d6
28.Qe5xd6 Bc5xd6
29.Nc3e4 Bd6e7
30.Kf2 Kf8
31.Ke2 Ke8
32.Kd3 Kd7
33.Ne4g5 Be7xg5
34.fxg5 Kd6
35.Kd4 e5
36.Ke4 Ke6
37.b4 f5
38.gxf6 gxf6
39.g4 Kd6
40.Kf5 Ke7
41.h4 Kf7
42.g5 fxg5
43.hxg5 Ke7
44.Kxe5 Kf7
45.Kf5 Ke7
46.e4 Kf7
47.e5 Ke7
48.e6 Ke8
49.Kf6 Kf8
50.e7 Ke8
51.Ke6 a5
52.bxa5 b4
53.a6 { resign }
1-0

[Event "Tourn. n10156"]
[Site "www.echecsemail.com"]
[Date "2019.09.13"]
[Round "1"]
[White "Foxy100"]
[Black "Numanoid"]
[WhiteElo "2490"]
[BlackElo "2770"]
[Result "0-1"]
[Round "1"]
1.e4 e6
2.d4 d5
3.Nb1d2 c5
4.Ng1f3 cxd4
5.exd5 Qd8xd5
6.Bf1c4 Qd5d6
7.O-O Ng8f6
8.Nd2b3 Nb8c6
9.Nb3xd4 Nc6xd4
10.Nf3xd4 a6
11.Nd4f3 Qd6c7
12.Bc4d3 Bc8d7
13.Qd1e2 Bf8d6
14.b3 Nf6d5
15.c4 Nd5f4
16.Bc1xf4 Bd6xf4
17.g3 Bf4d6
18.Ra1c1 Bd6a3
19.Rc1b1 O-O
20.Nf3e5 Bd7e8
21.Rf1d1 Ra8d8
22.Bd3e4 Rd8xd1
23.Rb1xd1 f6
24.Ne5d3 Be8f7
25.Kg2 Rf8d8
26.f4 Rd8d6
27.h3 b6
28.Nd3f2 a5
29.Qe2c2 Kf8
30.Rd1f1 h6
31.Rf1d1 g5
32.f5 Rd6xd1
33.Qc2xd1 exf5
34.Be4xf5 Qc7e5
35.Bf5c2 h5
36.h4 g4
37.Nf2d3 Qe5e3
38.Qd1f1 Qe3d2
39.Qf1f2 Qd2c3
40.Kh2 Bf7g6
{ resign }
0-1

[Event "Tourn. n10187"]
[Site "www.echecsemail.com"]
[Date "2019.09.13"]
[Round "1"]
[White "Tonino1"]
[Black "Claudia"]
[WhiteElo "2130"]
[BlackElo "2170"]
[Result "0-1"]
[Round "1"]
1.f4 d5
2.d4 e6
3.e3 c5
4.c3 Nb8c6
5.Bf1d3 f5
6.Ng1f3 Ng8f6
7.Nb1d2 Bf8e7
8.Nf3e5 O-O
9.O-O Bc8d7
10.Nd2f3 Bd7e8
11.Qd1e2 Be8h5
12.Qe2f2 Bh5xf3
13.Qf2xf3 Nc6xe5
14.fxe5 Nf6e4
15.Bd3xe4 fxe4
16.Qf3g4 Rf8xf1
17.Kxf1 Qd8f8
18.Ke2 Qf8f7
19.Bc1d2 Ra8f8
20.Qg4g3 Qf7f5
21.Qg3f4 Qf5h5
22.g4 Rf8xf4
23.gxh5 Rf4h4
24.Ra1h1 Rh4xh5
25.Bd2e1 Rh5f5
26.Be1g3 Be7g5
27.h4 Bg5xe3
 { time }
0-1

[Event "1/32 Finale"]
[Site "www.chess-mail.com"]
[Date "2019.09.13"]
[Round "1"]
[White "Ffdd65"]
[Black "Gandalf50"]
[WhiteElo "2200"]
[BlackElo "2410"]
[Result "1/2-1/2"]
[Round "1"]
1.e4 c5
2.Bf1c4 e6
3.Nb1c3 d6
4.Ng1f3 Nb8c6
5.O-O Ng8f6
6.d4 cxd4
7.Nf3xd4 Nc6xd4
8.Qd1xd4 Bf8e7
9.Bc1e3 O-O
10.Bc4e2 Bc8d7
11.e5 dxe5
12.Qd4xe5 a6
13.Ra1d1 Qd8c8
14.Rd1d2 Bd7c6
15.f3 Rf8d8
16.Rd2xd8 Qc8xd8
17.Be3c5 Qd8a5
18.Bc5d4 Qa5b4
19.Nc3e4 Bc6xe4
20.fxe4 Be7d6
21.Bd4c3 Qb4b6
22.Bc3d4 Bd6xe5
23.Bd4xb6 Be5xb2
24.Be2d3 Ra8c8
25.a4 Nf6d7
26.Bb6a7 Nd7c5
27.Ba7xc5 Rc8xc5
28.Rf1b1 Bb2d4
29.Kf1 Rc5c7
30.Bd3xa6 { draw }
1/2-1/2

[Event "1/128 Finale"]
[Site "www.chess-mail.com"]
[Date "2019.09.13"]
[Round "1"]
[White "Claudia"]
[Black "Bojan"]
[WhiteElo "2170"]
[BlackElo "1920"]
[Result "1-0"]
[Round "1"]
1.d4 d5
2.c4 Bc8f5
3.cxd5 Qd8xd5
4.Nb1c3 Qd5d7
5.e4 Bf5g6
6.Ng1f3 h6
7.Nf3e5 Qd7d6
8.Bc1f4 Qd6f6
9.Nc3d5 Qf6d6
10.Ne5xg6 Qd6xg6
11.Nd5xc7 Kd8
12.Nc7xa8 Qg6xe4
13.Bf4e3 b6
14.Ra1c1 Qe4xa8
15.Qd1c2 Qa8b7
16.Bf1e2 e6
17.O-O Bf8d6
18.Be2f3 Qb7d7
19.a4 Ng8e7
20.a5 b5
21.Rf1d1 a6
22.d5 e5
23.Be3c5 g6
24.b4 h5
25.Rd1e1 Ne7f5
26.Bc5xd6 Nf5xd6
27.Re1xe5 Nd6c4
28.Re5e1 Qd7d6
29.Bf3e2 Nb8d7
30.Be2xc4 bxc4
31.Qc2xc4 Qd6b8
32.Qc4xa6 Rh8e8
33.Re1xe8 Kxe8
34.Rc1c8 { resign }
1-0

[Event "Tourn. n10216"]
[Site "www.echecsemail.com"]
[Date "2019.09.14"]
[Round "1"]
[White "Fantomas"]
[Black "Apdash"]
[WhiteElo "2120"]
[BlackElo "2200"]
[Result "0-1"]
[Round "1"]
1.e4 c5
2.Ng1f3 d6
3.Nb1c3 Nb8c6
4.d4 cxd4
5.Nf3xd4 Ng8f6
6.h3 g6
7.Bc1e3 Bf8g7
8.Bf1e2 a6
9.O-O O-O
10.Ra1b1 Bc8d7
11.Be2f3 Qd8c7
12.a3 Nc6e5
13.Bf3e2 Bd7c6
14.Nd4xc6 bxc6
15.f4 Ne5d7
16.Be2f3 e6
17.Qd1e2 Nd7b6
18.Qe2f2 Nb6c4
19.Be3d4 c5
20.Bd4e3 Nc4xe3
21.Qf2xe3 Nf6h5
22.g4 Bg7d4
{ resign }
0-1

[Event "Tourn. n10202"]
[Site "www.echecsemail.com"]
[Date "2019.09.14"]
[Round "1"]
[White "Tonino1"]
[Black "D4minance"]
[WhiteElo "2270"]
[BlackElo "2850"]
[Result "0-1"]
[Round "1"]
1.d4 Ng8f6
2.Ng1f3 g6
3.e3 Bf8g7
4.Bf1d3 d5
5.Nb1d2 O-O
6.Qd1e2 c5
7.c3 Nf6d7
8.O-O Nb8c6
9.b3 e5
10.dxe5 Nd7xe5
11.Nf3xe5 Nc6xe5
12.Bd3c2 Rf8e8
13.Nd2f3 Bc8g4
14.Bc1b2 Bg4h5
15.Ra1d1 Ne5xf3
16.gxf3 Qd8g5
17.Kh1 Qg5f6
 { time }
0-1

[Event "Tourn. n10209"]
[Site "www.echecsemail.com"]
[Date "2019.09.14"]
[Round "1"]
[White "Esperanza"]
[Black "Malbertan"]
[WhiteElo "2050"]
[BlackElo "2000"]
[Result "1/2-1/2"]
[Round "1"]
1.e4 e6
2.d4 f5
3.exf5 exf5
4.Ng1f3 Ng8f6
5.c4 Bf8b4
6.Bc1d2 Qd8e7
7.Bf1e2 O-O
8.O-O { draw }
1/2-1/2

[Event "Tourn. n10206"]
[Site "www.echecsemail.com"]
[Date "2019.09.14"]
[Round "1"]
[White "Apdash"]
[Black "Add"]
[WhiteElo "2190"]
[BlackElo "2070"]
[Result "1-0"]
[Round "1"]
1.e4 e5
2.Ng1f3 d5
3.exd5 Qd8xd5
4.Nb1c3 Qd5d6
5.Bf1c4 Ng8f6
6.O-O Bf8e7
7.Qd1e2 Bc8g4
8.h3 Bg4xf3
9.Qe2xf3 c6
10.a4 Nb8d7
11.b3 Qd6c7
12.Bc1b2 Nd7b6
13.Bc4d3 a5
14.Rf1e1 O-O
15.Nc3e4 Nf6xe4
16.Qf3xe4 f5
17.Qe4xe5 Qc7xe5
18.Bb2xe5 Be7b4
19.c3 Bb4c5
20.Be5c7 Nb6d5
21.Bd3c4 Kh8
22.Bc4xd5 cxd5
23.d4 Rf8f7
24.Bc7f4 Bc5e7
25.Re1e3 Be7f6
26.Ra1e1 h6
27.Re3e8 Ra8xe8
28.Re1xe8 Kh7
29.Bf4e5 Bf6g5
30.f4 Bg5h4
31.Kf1 Kg6
32.Re8a8 b6
33.Ra8b8 Bh4f6
34.Rb8xb6 { resign }
1-0

[Event "Tourn. n10209"]
[Site "www.echecsemail.com"]
[Date "2019.09.15"]
[Round "1"]
[White "Esperanza"]
[Black "Tevere"]
[WhiteElo "2060"]
[BlackElo "2050"]
[Result "1-0"]
[Round "1"]
1.e4 e5
2.Ng1f3 Nb8c6
3.Bf1c4 Bf8c5
4.O-O Ng8f6
5.d3 d6
6.c3 a6
7.Bc4b3 O-O
8.Nb1d2 Bc8d7
9.h3 h6
10.Rf1e1 Qd8e7
11.Nd2f1 Nc6a5
12.Bb3c2 b5
13.b4 { resign }
1-0

[Event "Tourn. n10200"]
[Site "www.echecsemail.com"]
[Date "2019.09.15"]
[Round "1"]
[White "Bojan"]
[Black "Francesco"]
[WhiteElo "2040"]
[BlackElo "2110"]
[Result "1-0"]
[Round "1"]
1.e4 c6
2.d4 d5
3.exd5 cxd5
4.Qd1f3 Ng8f6
5.h3 Nb8c6
6.Bc1e3 Qd8a5
7.c3 e6
8.Bf1d3 Qa5b6
9.b3 Bc8d7
10.Ng1e2 Bf8d6
11.O-O O-O
12.Be3g5 Nf6e8
13.Qf3h5 g6
14.Qh5h4 f6
15.Bg5h6 Ne8g7
16.f4 e5
17.Qh4f2 e4
18.Bd3c2 Rf8f7
19.Kh2 Ng7f5
20.g4 Nf5xh6
21.Kh1 Qb6c7
22.Qf2h4 Kg7
23.Nb1d2 Ra8f8
24.c4 Nc6b4
25.Bc2d1 e3
26.Nd2f3 Bd6xf4
27.Ne2xf4 Qc7xf4
28.Bd1e2 Qf4g5
29.Nf3xg5 fxg5
30.Qh4xg5 Bd7c6
31.Rf1xf7 Rf8xf7
32.Qg5xe3 Nb4c2
33.Qe3e5 Rf7f6
34.Ra1f1 dxc4
35.Kg1 Nh6g8
36.Rf1xf6 Ng8xf6
37.Qe5e7 { resign }
1-0

[Event "Tourn. n10209"]
[Site "www.echecsemail.com"]
[Date "2019.09.15"]
[Round "1"]
[White "Tevere"]
[Black "Kevinking"]
[WhiteElo "2050"]
[BlackElo "2020"]
[Result "0-1"]
[Round "1"]
1.e4 e6
2.d4 d5
3.Nb1c3 Ng8f6
4.Bc1g5 Bf8b4
5.e5 h6
6.Bg5h4 g5
7.Bh4g3 Nf6e4
8.Qd1d3 Ne4xg3
{ resign }
0-1

[Event "Match"]
[Site "www.echecsemail.com"]
[Date "2019.09.15"]
[Round "1"]
[White "Guidom"]
[Black "Roko123"]
[WhiteElo "2060"]
[BlackElo "1499"]
[Result "1-0"]
[Round "1"]
1.e4 e6
2.d4 d5
3.Nb1c3 Bf8b4
4.e5 c5
5.a3 Bb4xc3
6.bxc3 Qd8c7
7.Bc1d2 Ng8e7
8.Qd1g4 Nb8c6
9.Ng1f3 Rh8g8
10.Bf1d3 f5
11.exf6 gxf6
12.Qg4h5 Ne7g6
13.dxc5 e5
14.Bd3b5 Bc8e6
15.O-O O-O-O
16.g3 e4
17.Nf3d4 Nc6xd4
18.cxd4 Ng6f4
19.Bd2xf4 Qc7xf4
20.Bb5e2 Rg8g5
21.Qh5xh7 e3
22.Ra1b1 Be6d7
23.c3 Rd8g8
24.Kh1 Qf4e4
25.Qh7xe4 dxe4
26.f4 exf3
27.Be2xf3 Bd7c6
28.Bf3xc6 bxc6
29.Rf1xf6 e2
30.Rf6e6 { resign }
1-0

[Event "Match"]
[Site "www.echecsemail.com"]
[Date "2019.09.15"]
[Round "1"]
[White "Emmanuel69"]
[Black "Tonino1"]
[WhiteElo "2050"]
[BlackElo "2170"]
[Result "0-1"]
[Round "1"]
1.c4 d6
2.d4 Ng8f6
3.Nb1c3 c6
4.e4 Qd8a5
5.Bc1d2 Qa5c7
6.Ng1f3 e5
7.d5 a6
8.g3 c5
9.Bf1g2 g6
10.O-O Bf8g7
11.Rf1e1 O-O
12.a4 Nf6e8
13.b3 h6
14.Qd1c1 Kh7
15.h3 f5
16.Re1e2 Ne8f6
17.Qc1e1 fxe4
18.Nc3xe4 Nf6xe4
19.Re2e3 Ne4xd2
20.Nf3xd2 Nb8d7
21.Nd2e4 Nd7f6
22.Ne4xf6 Rf8xf6
23.g4 Qc7f7
24.Re3e2 Bc8d7
25.Ra1a2 Ra8f8
26.f3 Rf6f4
27.Re2e4 Rf4xf3
28.Bg2xf3 Qf7xf3
29.Kh2 h5
30.Re4e3 Qf3f4
31.Qe1g3 hxg4
32.hxg4 Bg7h6
33.Re3e2 Bd7xg4
34.Re2g2 Bg4f3
35.Rg2f2 Qf4e3
36.Kh3 Rf8f5
37.Ra2e2 Rf5h5
{ resign }
0-1

[Event "Tourn. n10178"]
[Site "www.echecsemail.com"]
[Date "2019.09.15"]
[Round "1"]
[White "Bojan"]
[Black "Kevinking"]
[WhiteElo "1980"]
[BlackElo "1990"]
[Result "1-0"]
[Round "1"]
1.e4 Ng8f6
2.e5 Nf6d5
3.Bf1c4 Nd5b6
4.Bc4b3 d5
5.d3 Bc8f5
6.h3 e6
7.Ng1f3 c5
8.a3 Nb8c6
9.Nb1c3 Bf8e7
10.Bc1f4 a6
11.Qd1d2 Bf5g6
12.Nc3a4 Nb6d7
13.d4 b5
14.Na4c3 O-O
15.Nc3e2 c4
16.Bb3a2 a5
17.c3 Nd7b6
18.O-O b4
19.Ba2b1 Bg6xb1
20.Ra1xb1 bxa3
21.bxa3 Be7xa3
22.Qd2a2 Ba3e7
23.Rb1b2 Qd8c7
24.Rf1b1 Ra8b8
25.Nf3e1 Rb8b7
26.Ne1c2 Rf8b8
27.Nc2a3 Be7xa3
28.Qa2xa3 Nb6c8
29.Ne2g3 Rb7xb2
30.Rb1xb2 Rb8xb2
31.Qa3xb2 Qc7e7
32.Qb2a2 Qe7b7
33.Bf4c1 Qb7e7
34.Bc1a3 Qe7g5
35.Qa2b2 h5
36.Ba3c5 Nc8e7
37.Ng3e2 h4
38.Kh2 Ne7g6
39.Ne2g1 Ng6f4
40.g3 hxg3
41.fxg3 Nf4h5
42.Ng1e2 Qg5e3
43.Kg2 Qe3g5
44.Qb2c2 g6
45.Bc5a3 Nh5g7
46.Ba3c1 Qg5e7
47.Qc2a4 Qe7b7
48.g4 Ng7e8
49.Qa4a3 Kg7
50.Kf3 Ne8c7
51.h4 Nc7a6
52.Bc1g5 Qb7b1
53.Kf2 Qb1b7
54.Bg5f6 Kh7
55.Qa3f8 { resign }
1-0

[Event "Tourn. n10209"]
[Site "www.echecsemail.com"]
[Date "2019.09.15"]
[Round "1"]
[White "Tevere"]
[Black "Malbertan"]
[WhiteElo "2050"]
[BlackElo "2000"]
[Result "0-1"]
[Round "1"]
1.e4 e5
2.Ng1f3 Nb8c6
3.Bf1c4 Ng8f6
4.d3 Bf8c5
5.O-O d6
6.Nf3g5 O-O
7.a3 h6
{ resign }
0-1

[Event "Tourn. n10173"]
[Site "www.echecsemail.com"]
[Date "2019.09.15"]
[Round "1"]
[White "Tartan"]
[Black "Jerome"]
[WhiteElo "2500"]
[BlackElo "2420"]
[Result "0-1"]
[Round "1"]
1.d4 Ng8f6
2.c4 g6
3.Nb1c3 Bf8g7
4.e4 d6
5.f3 O-O
6.Ng1e2 a6
7.Bc1e3 Nb8d7
8.Qd1d2 b5
9.cxb5 axb5
10.Nc3xb5 c6
11.Nb5c3 e5
12.O-O-O Rf8e8
13.dxe5 Nd7xe5
14.Ne2g3 Bc8e6
15.Qd2xd6 Nf6d7
16.f4 Qd8a5
17.fxe5 Bg7xe5
18.Qd6d2 Nd7c5
{ resign }
0-1

[Event "Tourn. n10205"]
[Site "www.echecsemail.com"]
[Date "2019.09.15"]
[Round "1"]
[White "D4minance"]
[Black "Tonino1"]
[WhiteElo "2860"]
[BlackElo "2220"]
[Result "1-0"]
[Round "1"]
1.d4 d6
2.Ng1f3 Ng8f6
3.c4 c6
4.Nb1c3 Qd8a5
5.Bc1d2 Qa5c7
6.e4 e5
7.h3 g6
8.d5 Bf8g7
9.Bd2e3 O-O
10.Bf1e2 Nf6h5
11.g3 f5
12.exf5 gxf5
13.Qd1d2 f4
14.gxf4 Nh5xf4
15.O-O-O Nf4xe2
16.Qd2xe2 c5
17.Rd1g1 Rf8f7
18.Nf3g5 Rf7f6
19.Ng5xh7 Kxh7
20.Qe2h5 Kg8
21.Nc3e4 Rf6f7
22.Rg1xg7 Rf7xg7
23.Qh5e8 Kh7
24.Ne4f6 
1-0

[Event "Match"]
[Site "www.echecsemail.com"]
[Date "2019.09.15"]
[Round "1"]
[White "Guidom"]
[Black "Apdash"]
[WhiteElo "2070"]
[BlackElo "2160"]
[Result "0-1"]
[Round "1"]
1.e4 c5
2.Ng1f3 d6
3.c4 e5
4.Nb1c3 f5
5.exf5 Bc8xf5
6.d3 Ng8f6
7.Bc1g5 Bf8e7
8.Bg5xf6 Be7xf6
9.Nc3e4 O-O
10.Bf1e2 Nb8c6
11.O-O Qd8e7
12.a3 a5
13.Qd1c2 Bf5g4
14.Ne4c3 Bg4xf3
15.Be2xf3 Nc6d4
16.Bf3d5 Kh8
17.Qc2d1 Ra8b8
18.Nc3e4 b5
19.b3 Bf6h4
20.f3 Nd4f5
21.Qd1d2 Nf5d4
22.Ra1b1 Nd4e6
23.cxb5 Ne6c7
24.Bd5c4 d5
25.b6 Rb8xb6
26.Qd2xa5 Rb6g6
27.Ne4xc5 dxc4
28.bxc4 Rf8a8
29.Qa5b4 Bh4g5
30.Rf1e1 Qe7d6
31.Re1e4 h6
32.Rb1e1 Bg5f6
33.Nc5b3 Qd6xd3
34.Re4e3 Qd3d7
35.Nb3c5 Qd7d4
36.Nc5b3 Qd4a7
37.Kf1 Ra8b8
38.Qb4d6 Rb8d8
39.Qd6b4 Nc7e6
40.Nb3a5 Ne6d4
41.Qb4c3 Rd8a8
42.Qc3d3 Rg6g5
43.f4 Rg5f5
44.Na5c6 Rf5xf4
45.Re3f3 Rf4xf3
46.gxf3 Nd4xc6
47.Qd3d5 Nc6d4
{ resign }
0-1

[Event "Match"]
[Site "www.echecsemail.com"]
[Date "2019.09.16"]
[Round "1"]
[White "Tonino1"]
[Black "Sae80"]
[WhiteElo "2170"]
[BlackElo "2309"]
[Result "0-1"]
[Round "1"]
1.f4 d5
2.d4 Bc8f5
3.e3 e6
4.Ng1f3 c5
5.Bf1d3 Nb8c6
6.c3 Ng8f6
7.O-O Bf8d6
8.Nf3e5 O-O
9.Qd1e2 Qd8b6
10.Nb1d2 cxd4
11.exd4 Bd6xe5
12.fxe5 Bf5xd3
13.Qe2xd3 Nc6xe5
14.Qd3g3 Ne5g6
15.h4 h5
16.Nd2f3 Nf6e4
17.Qg3e1 Ra8c8
18.g3 Rf8e8
19.Nf3g5 Ne4xg5
20.hxg5 e5
21.Qe1f2 exd4
22.Qf2xf7 Kh8
23.Kg2 d3
24.Rf1f6 gxf6
25.Qf7xg6 Re8e2
26.Kh3 Qb6e6
 { time }
0-1

[Event "Match"]
[Site "www.echecsemail.com"]
[Date "2019.09.16"]
[Round "1"]
[White "Paco"]
[Black "Ditto"]
[WhiteElo "1940"]
[BlackElo "1870"]
[Result "0-1"]
[Round "1"]
1.e4 e5
2.Ng1f3 Nb8c6
3.Bf1c4 Ng8f6
4.Nf3g5 d5
5.Bc4b3 Bf8c5
6.exd5 Nc6d4
7.c3 Nd4xb3
8.Qd1xb3 Nf6xd5
9.Qb3b5 c6
10.Qb5xc5 Qd8xg5
11.O-O Bc8h3
12.g3 Nd5f4
13.Rf1e1 Nf4d3
14.Re1xe5 Nd3xe5
15.Qc5e3 Qg5xe3
16.dxe3 Ra8d8
17.Nb1d2 O-O
18.b3 Ne5f3
19.Kh1 Nf3xd2
{ resign }
0-1

[Event "Tourn. n10179"]
[Site "www.echecsemail.com"]
[Date "2019.09.16"]
[Round "1"]
[White "Jerome"]
[Black "Reignblowcan"]
[WhiteElo "2420"]
[BlackElo "2660"]
[Result "1-0"]
[Round "1"]
1.e4 c6
2.d4 d5
3.e5 Bc8f5
4.h4 h6
5.g4 Bf5e4
6.f3 Be4h7
7.e6 fxe6
8.Bf1d3 Bh7xd3
9.Qd1xd3 e5
10.dxe5 e6
11.Ng1e2 Ng8e7
12.Ne2f4 Qd8c7
13.Qd3e2 Kf7
14.Bc1e3 Nb8d7
15.Nb1d2 c5
16.O-O-O Ne7c6
17.Kb1 Nd7xe5
18.Nf4h5 Ne5d7
19.f4 g6
20.Nh5g3 Ke7
21.h5 g5
22.Rd1f1 d4
23.Be3f2 gxf4
24.Ng3f5 Kf7
25.Nf5h4 Bf8e7
26.Nh4g6 e5
27.g5 hxg5
28.Qe2c4 Kg7
29.h6 { resign }
1-0

[Event "Tourn. n10165"]
[Site "www.echecsemail.com"]
[Date "2019.09.16"]
[Round "1"]
[White "Jerome"]
[Black "Drawlward"]
[WhiteElo "2369"]
[BlackElo "2720"]
[Result "1-0"]
[Round "1"]
1.e4 c5
2.Ng1f3 Nb8c6
3.Nb1c3 d6
4.d4 cxd4
5.Nf3xd4 g6
6.Bc1e3 Bf8g7
7.Qd1d2 Ng8f6
8.f3 O-O
9.Bf1c4 Bc8d7
10.h4 h5
11.O-O-O Nc6e5
12.Bc4b3 Ra8c8
13.Be3g5 Rc8c5
14.Kb1 Rf8e8
15.Bg5h6 Ne5c4
16.Bb3xc4 Rc5xc4
17.Bh6xg7 Kxg7
18.g4 hxg4
19.h5 Re8h8
20.hxg6 fxg6
21.b3  { time }
1-0

[Event "Tourn. n10190"]
[Site "www.echecsemail.com"]
[Date "2019.09.16"]
[Round "1"]
[White "Numanoid"]
[Black "Foxy100"]
[WhiteElo "2750"]
[BlackElo "2480"]
[Result "1-0"]
[Round "1"]
1.e4 e5
2.Ng1f3 Nb8c6
3.d4 exd4
4.Bf1b5 Bf8b4
5.c3 dxc3
6.Nb1xc3 Bb4xc3
7.bxc3 Ng8e7
8.O-O a6
9.Bb5d3 d6
10.Nf3d4 O-O
11.f4 Nc6xd4
12.cxd4 Bc8d7
13.f5 f6
14.Qd1b3 Kh8
15.Bd3c2 b5
16.Qb3g3 Qd8e8
17.Bc1b2 Ne7c6
18.Rf1f4 Qe8e7
19.Rf4h4 Bd7e8
20.Bc2b3 Be8f7
21.Qg3h3 { resign }
1-0